| 000 | 00400nam a22001457a 4500 | ||
|---|---|---|---|
| 003 | OSt | ||
| 008 | 210916b ||||| |||| 00| 0 eng d | ||
| 020 | _a9789383305247 | ||
| 082 |
_a631.587 _bBIS/IR |
||
| 100 |
_aBiswas, Ranajith Kumar _95073 |
||
| 245 | _aIrrigation & Agricultural Drainage Engineering | ||
| 260 |
_aNew Delhi _bNew India Publishing Agency _c2015 |
||
| 300 | _a587 pages | ||
| 942 | _cBK | ||
| 999 |
_c17442 _d17442 |
||